| 000 | 00461nam a2200169Ia 4500 | ||
|---|---|---|---|
| 003 | GCL | ||
| 008 | 140319s9999 xx 000 0 ara d | ||
| 040 |
_aGCL / _cGCL |
||
| 082 | 0 | 4 |
_a843 _bا ا |
| 100 | 1 | _aمصطفى كامل فودة | |
| 245 | 1 | 0 |
_aارض البشر / _cمصطفى كامل فودة |
| 700 | 1 | _aاكسويرى، انطوان دى سانت | |
| 490 | _a | ||
| 650 | 0 | 4 | _aالقصص العربية |
| 650 | 0 | 4 | _aالادب |
| 942 |
_2ddc _cBK |
||
| 999 |
_c38243 _d38243 |
||